La Mythologie Egyptienne #1 (Facile) - Statistiques

Statistiques générales
  • Ce quiz a été pris 99 fois
  • Le résultat moyen est 6 sur 10
Statistiques - réponses
Hint Réponse % Correct
Quel fleuve sacré était central dans la vie et les croyances des Égyptiens ? Nil
84%
Quel dieu égyptien a une tête de faucon et est associé au ciel et au soleil ? Horus
82%
Quelle déesse est la mère d’Horus et l’épouse d’Osiris ? Isis
82%
Quel dieu à tête de chacal est lié à l’embaumement et aux morts ? Anubis
80%
Quel dieu vert symbolise la résurrection et règne sur le royaume des morts ? Osiris
79%
Comment appelle-t-on les monuments funéraires égyptiens en forme triangulaire ? Pyramides
72%
Quel dieu à tête d’ibis est associé à l’écriture et à la sagesse ? Thot
44%
Quelle déesse à tête de lionne représente la guerre et la protection ? Sekhmet
30%
Comment s’appelle le livre qui guide les morts dans l’au-delà ? Livre des Morts
18%
Quelle créature dévore les âmes jugées impures lors du jugement ? Ammit
5%
Aucun quiz correspondant
Distribution des résultats
% des personnes avec chaque résultat
Percentile par nombre de réponses
Votre historique - résultats
Vous n’avez pas pris ce quiz